000 00582nam a2200181Ia 4500
008 151202s9999||||xx |||||||||||||| ||und||
082 _bPNVM-46844
100 _aदळवी प्रशांत.
245 _aसेलिब्रेशन.
260 _b"पॉप्युलर प्रकाशन,मुंबई."
260 _c2004
300 _a65
600 _aदळवी प्रशांत.
630 _aसेलिब्रेशन.
700 _aदळवी प्रशांत.
730 _aसेलिब्रेशन.
942 _cBOOK
999 _c1312794
_d1312791